000 00872nam a2200229 i 4500
001 41711
003 ES-MaACL
005 20250617063103.0
007 t|
008 030311s1836 sp ||||1| spa d
080 _a821.134.2-31"18"
100 1 _aCastellanos de Losada, Basilio Sebastián,
_d1807-1891
_936540
_eaut
245 1 3 _aEl caballero de Madrid en la conquista de Toledo, por don Alfonso el VI /
_cpor D. Basilio Sebastián Castellanos
260 _aMadrid :
_b[s.n.],
_c1836
_f(Imp. de José M. Repullés)
300 _aVIII, 151 p. ;
_c16 cm.
530 _aDisponible en formato digital
852 _aES-MaACL
_jT-347-F-5
_cDEPOF
856 _uhttp://bdh-rd.bne.es/viewer.vm?id=0000105256&page=1
_yVersión en línea
_z(Biblioteca Digital Hispánica)
942 _2udc
_cFOLLETOS
_n0
999 _c41711
_d41711